000 00798nam a2200265Ia 4500
001 Z_1546
003 CHAP
008 220113s1993 xx 000 0 und d
010 _a164634
040 _cCHAP
090 _aTesis R 877
100 _aReyes Reyes, Julio César
_996968
245 _aAnálisis de crecimiento y fotosíntesis aparente en alfalfa (Medicago sativa L.) en un corte próximo al invierno /
_cpor Julio César Reyes Reyes
260 _aChapingo, Méx. :
_bEl autor,
_c1993
300 _a40 h
502 _aTesis (Ing. Agr. Esp. en Zootecnia) -- UACH. Departamento de Zootecnia
650 _aAlfalfa como forraje
_93899
650 _aAlfalfa
_xRendimiento
_93887
901 _aTESIS R 877
902 _aM
910 _a1993
942 _c2
942 _c2
999 _c164634
_d164634